000 00331 a2200157 4500
001 189166
020 _a960-7955-36-6
040 _cMagnum
100 _aMoutsou, e
240 1 0 _aThe Canterville Ghost
_lING
245 1 0 _aThe Canterville Ghost
300 _a39
362 0 _a1998
697 _aLITERATURA INGLESA
942 _cBK
999 _c189166
_d189166